| 000 | 00802nam a2200265Ia 4500 | ||
|---|---|---|---|
| 003 | OSt | ||
| 005 | 20220924122514.0 | ||
| 006 | a|||||r|||| 00| 0 | ||
| 007 | ta | ||
| 008 | 220923b |||||||| |||| 00| 0 ara d | ||
| 020 | _a9780863364055 | ||
| 020 | _c647.66 | ||
| 024 | _a255865 | ||
| 037 |
_b33473, 14/11/2011, Segment Book Distributors _cTextual |
||
| 040 |
_aARTS _cARTS _bara |
||
| 041 |
_2ara _aara |
||
| 082 | _aO28:gN, P8 | ||
| 100 |
_aTresilian David _9189707 |
||
| 245 | 0 | _aBreif introduction to modern Arabic literature | |
| 260 |
_aLondon _bSan Francisco Beirut UK _c2008 |
||
| 300 |
_a184p. _ccm. |
||
| 650 | _aARABIC LITERATURE | ||
| 942 |
_hO28:gN, P8 _cTEXL _2CC |
||
| 999 |
_c411884 _d411884 |
||